Lekárske prísahy

Podrobná bibliografia
Médium: Článok
Jazyk:slovenčina
ISSN:1335-0234
Predmet:

MARC

LEADER 00000nab a2200000 a 4500
001 vtls000587796
003 SK-MaSNL
005 20260304090818.0
008 250425c1996 xo 0 slo
015 |a SNBRB19rr/mm-uuuuu 
035 |a CL0587935 
035 |a urn:nbn:sk:snk-abfac 
035 |a (urnnbn)urn:nbn:sk:snk:ar-a054yd 
035 |a (uuid)0be85cb1-72d5-422c-a33f-5ebfcf94eb1f 
040 |a SNKBUCL  |b slo  |c SNKBUCL  |e AACR2 
041 0 |a slo 
044 |a xo  |c SK 
080 |a 614.253  |2 1981 
245 0 0 |a Lekárske prísahy 
650 0 7 |a Hippokratova prísaha  |2 snkbucl  |9 1288276 
650 0 7 |a lekárska prísaha  |2 snkbucl  |9 1382394 
655 7 |a články z novín a časopisov  |2 snkbucl  |9 267496 
773 0 |t Slovenský lekár  |g Roč. 6 (20), č. 5-6 (1996), s. 73  |x 1335-0234 
850 |a Slovenská národná knižnica 
852 |a Slovenská národná knižnica 
954 |a odborná, vedecká literatúra pôvodná (slovenská)  |2 lita 
958 |a article27 
958 |a RK 
958 |a MI 
958 |a OND 
958 |a EUIPO 
992 |a RBX 
999 |c 2812838  |d 2814768